| 000 -LEADER |
| fixed length control field |
00688nam a22002057a 4500 |
| 005 - DATE AND TIME OF LATEST TRANSACTION |
| control field |
20221012151028.0 |
| 008 - FIXED-LENGTH DATA ELEMENTS--GENERAL INFORMATION |
| fixed length control field |
221012s2021ge xxu||||| |||| 00| 0 ger d |
| 020 ## - INTERNATIONAL STANDARD BOOK NUMBER |
| International Standard Book Number |
9783126071789 |
| 041 ## - LANGUAGE CODE |
| Language code of text/sound track or separate title |
ger |
| 080 ## - UNIVERSAL DECIMAL CLASSIFICATION NUMBER |
| Universal Decimal Classification number |
811.112.2'373 D-40 |
| 100 ## - MAIN ENTRY--PERSONAL NAME |
| Personal name |
Dengler, Stefanie. |
| 9 (RLIN) |
15294 |
| 245 ## - TITLE STATEMENT |
| Title |
Netzwerk neu: |
| Remainder of title |
A1-B1: Grammatik / |
| Statement of responsibility, etc. |
Stefanie Dengler, Tanja Sieber. |
| 264 ## - PRODUCTION, PUBLICATION, DISTRIBUTION, MANUFACTURE, AND COPYRIGHT NOTICE |
| Place of production, publication, distribution, manufacture |
Stuttgart : |
| Name of producer, publisher, distributor, manufacturer |
Klett Sprachen, |
| Date of production, publication, distribution, manufacture, or copyright notice |
2021. |
| 300 ## - PHYSICAL DESCRIPTION |
| Extent |
80 p.: |
| Other physical details |
Illustrationen, |
| Dimensions |
29 cm. |
| 440 ## - SERIES STATEMENT/ADDED ENTRY--TITLE |
| Title |
Deutsch als Fremdsprache |
| 9 (RLIN) |
15300 |
| 653 ## - INDEX TERM--UNCONTROLLED |
| keyword |
Netzwerk neu A1-B1 Grammatik |
| 653 ## - INDEX TERM--UNCONTROLLED |
| keyword |
გერმანული გრამატიკა |
| 700 ## - ADDED ENTRY--PERSONAL NAME |
| Personal name |
Sieber, Tanja |
| Relator term |
Author |
| 9 (RLIN) |
15291 |
| 942 ## - ADDED ENTRY ELEMENTS (KOHA) |
| Source of classification or shelving scheme |
|
| Koha item type |
წიგნი |